[Event "Gibraltar Challengers op-A"]
[Site "Caleta"]
[Date "2020.01.22"]
[Round "3"]
[White "Ajele, Rotimi"]
[Black "Vinas Guerrero, Carlos Alberto"]
[Result "1/2-1/2"]
[WhiteElo "2188"]
[BlackElo "2092"]
[PlyCount "97"]
[EventDate "2020.01.20"]
[EventType "swiss"]
[EventRounds "5"]
[EventCountry "GGB"]
[SourceTitle "CBM 194 Extra"]
[Source "ChessBase"]
[SourceDate "2020.03.31"]
[SourceVersion "1"]
[SourceVersionDate "2020.03.31"]
[SourceQuality "1"]

1. d4 Nf6 2. c4 g6 3. Nc3 Bg7 4. Nf3 0-0 5. g3 d6 6. Bg2 Nc6 7. 0-0 Rb8 8. b3 a6 9. Bb2 b5 10. d5 Na5 11. cxb5 axb5 12. Nd4 b4 13. Na4 e5 14. Nc2 Bd7 15. Ne3 Qc8 16. Rc1 Qb7 17. Ba1 Bh6 18. Nb2 Qa7 19. Nd3 Bxe3 20. fxe3 Ng4 21. Qe1 Qxe3+ 22. Kh1 Qb6 23. Bh3 c5 24. Bxg4 Bxg4 25. Rf6 Qd8 26. Rf2 f6 27. Qd2 Bf5 28. Qe3 Bxd3 29. Qxd3 Nb7 30. Rcf1 Qe7 31. e4 Nd8 32. Bb2 Rb7 33. Bc1 Qg7 34. Kg1 h5 35. h4 Rbf7 36. Qa6 Nb7 37. Kg2 f5 38. exf5 Rxf5 39. Rxf5 Rxf5 40. Rxf5 gxf5 41. Bg5 Kh7 42. Qc6 Qf7 43. Kf3 Kg7 44. Ke3 Kh7 45. Kf3 Kg7 46. Be3 Kh7 47. Bc1 Kg7 48. Kg2 Kh7 49. Bg5 1/2-1/2

[Event "Gibraltar Challengers-B 14th"]
[Site "Caleta"]
[Date "2016.02.02"]
[Round "4"]
[White "Ungureanu, Sandu"]
[Black "Vinas Guerrero, Carlos Alberto"]
[Result "1/2-1/2"]
[WhiteElo "2051"]
[BlackElo "2123"]
[PlyCount "89"]
[EventDate "2016.01.30"]
[EventType "swiss"]
[EventRounds "5"]
[EventCountry "GGB"]
[SourceTitle "CBM 170 Extra"]
[Source "ChessBase"]
[SourceDate "2016.02.25"]
[SourceVersion "1"]
[SourceVersionDate "2016.02.25"]
[SourceQuality "1"]

1. c4 e5 2. g3 Nf6 3. Bg2 d5 4. cxd5 Nxd5 5. Nc3 Nb6 6. Nf3 Nc6 7. 0-0 Be7 8. a3 0-0 9. b4 Be6 10. d3 f6 11. Be3 a5 12. Bxb6 cxb6 13. b5 Na7 14. a4 Rc8 15. Ne4 f5 16. Ned2 Bf6 17. Rc1 Rxc1 18. Qxc1 Qe7 19. Nc4 Rc8 20. Qe3 Bxc4 21. dxc4 e4 22. Nd2 Qd6 23. Bh3 Rc5 24. Rc1 Bd4 25. Qf4 Be5 26. Qe3 Bd4 27. Qb3 Bf6 28. Rd1 Qe6 29. e3 Nc8 30. Bf1 Nd6 31. Nb1 Nf7 32. Nc3 Bxc3 33. Qxc3 Ne5 34. Rd8+ Kf7 35. Be2 Rc7 36. Qd4 Rd7 37. Rxd7+ Nxd7 38. Bh5+ g6 39. Be2 Ke7 40. Qh8 h5 41. Qc8 Nc5 42. Qc7+ Kf6 43. Qd8+ Kg7 44. Qc7+ Kh8 45. Qd8+ 1/2-1/2

[Event "Gibraltar Challengers-A 12th"]
[Site "Caleta"]
[Date "2014.01.31"]
[Round "5"]
[White "Hamer, Martyn"]
[Black "Vinas Guerrero, Carlos Alberto"]
[Result "1/2-1/2"]
[WhiteElo "2017"]
[BlackElo "2153"]
[PlyCount "22"]
[EventDate "2014.01.27"]
[EventType "swiss"]
[EventRounds "5"]
[EventCountry "GGB"]
[SourceTitle "CBM 158 Extra"]
[Source "ChessBase"]
[SourceDate "2014.02.28"]
[SourceVersion "1"]
[SourceVersionDate "2014.02.28"]
[SourceQuality "1"]

1. Nf3 d5 2. d4 c6 3. c4 e6 4. Qc2 dxc4 5. Qxc4 Nf6 6. g3 Be7 7. Bg2 0-0 8. 0-0 Qb6 9. Nc3 Qa6 10. Qxa6 Nxa6 11. Bf4 Nb4 1/2-1/2

[Event "Gibraltar Masters 12th"]
[Site "Caleta"]
[Date "2014.01.31"]
[Round "4"]
[White "Milliet, Sophie"]
[Black "Vinas Guerrero, Carlos Alberto"]
[Result "1-0"]
[WhiteElo "2391"]
[BlackElo "2153"]
[PlyCount "37"]
[EventDate "2014.01.28"]
[EventType "swiss"]
[EventRounds "10"]
[EventCountry "GGB"]
[SourceTitle "CBM 159"]
[Source "ChessBase"]
[SourceDate "2014.03.17"]
[SourceVersion "1"]
[SourceVersionDate "2014.03.17"]
[SourceQuality "1"]

1. e4 d5 2. exd5 Qxd5 3. Nc3 Qa5 4. d4 Nf6 5. Bd2 Bg4 6. f3 Bd7 7. Bc4 Qb6 8. Nge2 e6 9. Be3 Nc6 10. Qd2 Nb4 11. Nf4 0-0-0 12. a3 e5 13. Nfe2 Qa5 14. 0-0 exd4 15. axb4 Qxb4 16. Rxa7 c5 17. Ra8+ Kc7 18. Bf4+ Bd6 19. Bxd6+ 1-0

[Event "Gibraltar Challengers-A 12th"]
[Site "Caleta"]
[Date "2014.01.27"]
[Round "1"]
[White "Vinas Guerrero, Carlos Alberto"]
[Black "Wynarczyk, Raymond"]
[Result "1/2-1/2"]
[WhiteElo "2153"]
[BlackElo "1973"]
[PlyCount "53"]
[EventDate "2014.01.27"]
[EventType "swiss"]
[EventRounds "5"]
[EventCountry "GGB"]
[SourceTitle "CBM 158 Extra"]
[Source "ChessBase"]
[SourceDate "2014.02.28"]
[SourceVersion "1"]
[SourceVersionDate "2014.02.28"]
[SourceQuality "1"]

1. e4 c5 2. Nc3 e6 3. Nf3 d6 4. d4 cxd4 5. Nxd4 Nf6 6. Be3 a6 7. f3 b5 8. Qd2 Bb7 9. 0-0-0 Nbd7 10. g4 Ne5 11. g5 Nfd7 12. Rg1 Rc8 13. f4 Nc4 14. Bxc4 Rxc4 15. a3 g6 16. f5 e5 17. Nde2 Qa5 18. Ng3 b4 19. Nd5 Bxd5 20. Qxd5 Qxd5 21. Rxd5 bxa3 22. bxa3 Rc3 23. Rd3 Rxd3 24. cxd3 h6 25. Rg2 hxg5 26. Bxg5 Bh6 27. Bxh6 1/2-1/2

[Event "Gibraltar Masters 11th"]
[Site "Caleta"]
[Date "2013.01.29"]
[Round "8"]
[White "Vinas Guerrero, Carlos Alberto"]
[Black "Ortega Ruiz, Jose Miguel"]
[Result "1/2-1/2"]
[WhiteElo "2167"]
[BlackElo "2349"]
[PlyCount "92"]
[EventDate "2013.01.22"]
[EventType "swiss"]
[EventRounds "10"]
[EventCountry "GGB"]
[SourceTitle "CBM 153"]
[Source "ChessBase"]
[SourceDate "2013.03.14"]
[SourceVersion "1"]
[SourceVersionDate "2013.03.14"]
[SourceQuality "1"]

1. e4 e5 2. Nf3 Nc6 3. Nc3 d6 4. d4 Bg4 5. Bb5 exd4 6. Qxd4 Qd7 7. Qa4 Bxf3 8. gxf3 g6 9. Be3 Bg7 10. 0-0-0 Bxc3 11. bxc3 Nge7 12. h4 h5 13. f4 a6 14. Bd4 0-0 15. Bxc6 Qxc6 16. Qxc6 Nxc6 17. Bf6 Rfe8 18. f3 Re6 19. Bd4 Ne7 20. f5 gxf5 21. Rhg1+ Rg6 22. Bf6 Kf8 23. Bxe7+ Kxe7 24. exf5 Rxg1 25. Rxg1 Kf6 26. Rg5 Re8 27. Kd2 Re5 28. Rxh5 Ra5 29. Rh8 Rxa2 30. Rc8 c5 31. Rc7 Ra4 32. Rxb7 Rxh4 33. Rb6 Ke5 34. Rxa6 Rh2+ 35. Ke3 Rxc2 36. f4+ Kd5 37. Kd3 Rc1 38. Ra7 c4+ 39. Kd2 Rf1 40. Rxf7 Rf2+ 41. Ke3 Rc2 42. Re7 Rxc3+ 43. Ke2 Rh3 44. f6 Rh6 45. f7 Rf6 46. Ke3 c3 1/2-1/2

[Event "Gibraltar Masters 11th"]
[Site "Caleta"]
[Date "2013.01.28"]
[Round "7"]
[White "Thornton, John D"]
[Black "Vinas Guerrero, Carlos Alberto"]
[Result "0-1"]
[WhiteElo "2053"]
[BlackElo "2167"]
[PlyCount "109"]
[EventDate "2013.01.22"]
[EventType "swiss"]
[EventRounds "10"]
[EventCountry "GGB"]
[SourceTitle "CBM 153"]
[Source "ChessBase"]
[SourceDate "2013.03.14"]
[SourceVersion "1"]
[SourceVersionDate "2013.03.14"]
[SourceQuality "1"]

1. e4 e5 2. Nf3 Nc6 3. Bb5 f5 4. Nc3 fxe4 5. Nxe4 Nf6 6. Nxf6+ Qxf6 7. Qe2 Be7 8. Bxc6 dxc6 9. Nxe5 Bf5 10. 0-0 0-0-0 11. d3 Rhe8 12. f4 Bd6 13. d4 Bxe5 14. fxe5 Qg6 15. Rf4 Bxc2 16. Be3 Bf5 17. Rc1 Be6 18. b4 Bd5 19. Qg4+ Re6 20. Qxg6 Rxg6 21. Rc2 b6 22. g3 Kb7 23. Kf2 Ka6 24. a3 Kb5 25. Bc1 h5 26. Ke3 Re8 27. Bb2 Rh8 28. Kd3 h4 29. gxh4 Rgh6 30. Ke3 Rxh4 31. Rxh4 Rxh4 32. Rf2 Kc4 33. Kd2 Kb3 34. Ke3 Re4+ 35. Kd3 Re1 36. Bc3 Re4 37. Rb2+ Kxa3 38. Rg2 Rh4 39. Rxg7 Rxh2 40. Rxc7 Rh3+ 41. Kc2 Be4+ 42. Kd2 Rd3+ 43. Kc2 Rxd4+ 44. Kc1 Rc4 45. Kd2 Kb3 46. Ba1 Rxb4 47. e6 c5 48. e7 Bg6 49. Rxa7 Re4 50. Bf6 Re6 51. Bg5 c4 52. Rc7 b5 53. Kc1 c3 54. e8Q Rxe8 55. Re7 0-1

[Event "Gibraltar Masters 11th"]
[Site "Caleta"]
[Date "2013.01.25"]
[Round "4"]
[White "Vinas Guerrero, Carlos Alberto"]
[Black "Milliet, Sophie"]
[Result "0-1"]
[WhiteElo "2167"]
[BlackElo "2403"]
[PlyCount "104"]
[EventDate "2013.01.22"]
[EventType "swiss"]
[EventRounds "10"]
[EventCountry "GGB"]
[SourceTitle "CBM 153"]
[Source "ChessBase"]
[SourceDate "2013.03.14"]
[SourceVersion "1"]
[SourceVersionDate "2013.03.14"]
[SourceQuality "1"]

1. e4 c5 2. Nf3 Nc6 3. Nc3 g6 4. d4 cxd4 5. Nxd4 Bg7 6. Be3 Nf6 7. Bc4 0-0 8. Bb3 d6 9. f3 Bd7 10. Qd2 Na5 11. 0-0-0 Rb8 12. Bh6 Bxh6 13. Qxh6 e5 14. Nde2 b5 15. Rxd6 b4 16. Na4 Nb7 17. Rd3 Qe7 18. h4 Bxa4 19. Bxa4 Nc5 20. Bb3 Nxd3+ 21. cxd3 Qd6 22. h5 Qxd3 23. hxg6 Rbc8+ 24. Nc3 Qd6 25. Rh3 bxc3 26. gxf7+ Kh8 27. bxc3 Rxc3+ 28. Kb2 Rxb3+ 29. axb3 Rxf7 30. g4 Rb7 31. Qe3 Nd7 32. Rh6 Qf8 33. Rc6 Nb6 34. Qg5 Qe7 35. Qf5 Nd7 36. Re6 Qd8 37. Qf7 Rb8 38. Rd6 Rb7 39. Rh6 Qg8 40. Qxg8+ Kxg8 41. Rc6 Kf7 42. Kc3 Nf8 43. Rh6 Kg7 44. Rc6 Rf7 45. Kc4 Rxf3 46. Kd5 Ng6 47. Ra6 Rf7 48. g5 Re7 49. Ra1 Nf4+ 50. Kd6 Re6+ 51. Kd7 a6 52. Kc7 Nh3 0-1

[Event "Gibraltar Challengers-A 11th"]
[Site "Caleta"]
[Date "2013.01.23"]
[Round "3"]
[White "Suez Panama, Gilles"]
[Black "Vinas Guerrero, Carlos Alberto"]
[Result "1/2-1/2"]
[WhiteElo "1989"]
[BlackElo "2172"]
[PlyCount "133"]
[EventDate "2013.01.21"]
[EventType "swiss"]
[EventRounds "5"]
[EventCountry "GGB"]
[SourceTitle "EXT 2014"]
[Source "ChessBase"]
[SourceDate "2013.11.20"]
[SourceVersion "1"]
[SourceVersionDate "2013.11.20"]
[SourceQuality "1"]

1. d4 f5 2. Nf3 Nf6 3. g3 g6 4. c3 Bg7 5. Qb3 d5 6. Bg2 0-0 7. Bf4 c6 8. Nbd2 e6 9. h4 Nbd7 10. Ng5 Re8 11. Ndf3 h6 12. Nh3 Ne4 13. Ne5 Nxe5 14. Bxe5 Bxe5 15. dxe5 Qc7 16. Nf4 Kg7 17. Nd3 c5 18. Bxe4 c4 19. Qb5 Bd7 20. Qc5 Qb8 21. f4 fxe4 22. Nf2 Qd8 23. Ng4 Qb6 24. Qxb6 axb6 25. Nf6 Re7 26. g4 Be8 27. Kd2 Bf7 28. a3 Rh8 29. Rag1 Rc7 30. Ke3 Kf8 31. h5 g5 32. f5 Kg7 33. Kd4 Rd8 34. Rh2 Rc5 35. Rf2 Rb5 36. e3 Rc5 37. Rgf1 Rc7 38. Ra1 Rc5 39. Ra2 Rc7 40. Rf1 Rc6 41. a4 exf5 42. gxf5 Rxf6 43. exf6+ Kxf6 44. a5 bxa5 45. Rxa5 Bxh5 46. Rh1 Bf7 47. Rxh6+ Kxf5 48. Rb5 Rd7 49. Rbb6 Kg4 50. Rh7 Kg3 51. Rf6 Be6 52. Rxd7 Bxd7 53. Kxd5 Bc6+ 54. Ke5 g4 55. Rf7 b5 56. Rf6 Ba8 57. Ra6 Bb7 58. Rb6 Ba8 59. Rb8 Bc6 60. Rb6 Ba8 61. Rxb5 Kf3 62. Kd4 g3 63. Rf5+ Ke2 64. Rg5 Kf3 65. Rf5+ Ke2 66. Rg5 Kf3 67. Rf5+ 1/2-1/2

[Event "ESP-chT CECLUB Div2 Gp2"]
[Site "Burguillos"]
[Date "2012.08.09"]
[Round "3.3"]
[White "Vinas Guerrero, Carlos Alberto"]
[Black "Moreno Ruiz, Javier"]
[Result "1/2-1/2"]
[WhiteElo "2162"]
[BlackElo "2498"]
[PlyCount "47"]
[EventDate "2012.08.08"]
[EventType "team-swiss"]
[EventRounds "6"]
[EventCountry "ESP"]
[SourceTitle "CBM 149 Extra"]
[Source "ChessBase"]
[SourceDate "2012.08.24"]
[SourceVersion "1"]
[SourceVersionDate "2012.08.24"]
[SourceQuality "1"]
[WhiteTeam "Algeciras"]
[BlackTeam "Collado Villalba"]
[WhiteTeamCountry "ESP"]
[BlackTeamCountry "ESP"]

1. e4 c5 2. Nf3 g6 3. d4 cxd4 4. Qxd4 Nf6 5. Nc3 Nc6 6. Qa4 d6 7. e5 dxe5 8. Nxe5 Qd4 9. Qxd4 Nxd4 10. Bd3 Bg7 11. Be3 Nf5 12. Bb5+ Nd7 13. Bf4 a6 14. Bxd7+ Bxd7 15. Nd5 Rd8 16. Nc7+ Kf8 17. 0-0-0 Nd6 18. Rhe1 f6 19. Nxd7+ Rxd7 20. Ne6+ Kf7 21. Nc5 Rc7 22. Ne6 Rd7 23. Nc5 Rc7 24. Ne6 1/2-1/2

[Event "Gibraltar Challengers-B 10th"]
[Site "Caleta"]
[Date "2012.01.30"]
[Round "3"]
[White "Vinas Guerrero, Carlos Alberto"]
[Black "Barrenechea Bahamonde, Gustavo"]
[Result "0-1"]
[WhiteElo "2160"]
[BlackElo "2228"]
[PlyCount "68"]
[EventDate "2012.01.28"]
[EventType "swiss"]
[EventRounds "5"]
[EventCountry "GGB"]
[SourceTitle "CBM 146 Extra"]
[Source "ChessBase"]
[SourceDate "2012.02.29"]
[SourceVersion "1"]
[SourceVersionDate "2012.02.29"]
[SourceQuality "1"]

1. e4 g6 2. d4 Bg7 3. Nc3 c5 4. d5 d6 5. f4 f5 6. exf5 Bxf5 7. Bd3 Qc8 8. Nf3 Nh6 9. Ng5 Na6 10. 0-0 Nc7 11. Re1 Ng4 12. Nb5 0-0 13. c3 Nxb5 14. Bxb5 c4 15. Ne4 Bxe4 16. Rxe4 Qc5+ 17. Rd4 Bxd4+ 18. cxd4 Qxb5 19. Qxg4 Rf5 20. Qe2 Qxd5 21. Qxe7 Rf7 22. Qe3 Rff8 23. Bd2 Rae8 24. Qf2 Re4 25. Re1 Qxd4 26. Rxe4 Qxe4 27. h3 b6 28. Kh2 d5 29. a3 d4 30. h4 a5 31. a4 Rf5 32. Bc1 b5 33. Qf1 d3 34. axb5 Qe6 0-1

[Event "Gibraltar Masters 10th"]
[Site "Caleta"]
[Date "2012.01.30"]
[Round "7"]
[White "Vinas Guerrero, Carlos Alberto"]
[Black "Houska, Jovanka"]
[Result "0-1"]
[WhiteElo "2160"]
[BlackElo "2414"]
[PlyCount "210"]
[EventDate "2012.01.24"]
[EventType "swiss"]
[EventRounds "10"]
[EventCountry "GGB"]
[SourceTitle "CBM 147"]
[Source "ChessBase"]
[SourceDate "2012.03.16"]
[SourceVersion "1"]
[SourceVersionDate "2012.03.16"]
[SourceQuality "1"]

1. e4 c6 2. d4 d5 3. Nc3 dxe4 4. Nxe4 Bf5 5. Ng3 Bg6 6. Nf3 Nd7 7. Bd3 e6 8. 0-0 Ngf6 9. c4 Qc7 10. Qe2 Bxd3 11. Qxd3 Be7 12. Bd2 0-0 13. Bc3 Rfd8 14. Qe2 a5 15. Rfe1 Bb4 16. Rac1 Bxc3 17. Rxc3 a4 18. Ne5 Nf8 19. Rd1 Ng6 20. Nxg6 hxg6 21. Ne4 Nxe4 22. Qxe4 Ra5 23. g3 Rf5 24. Rcd3 b5 25. b3 g5 26. R1d2 bxc4 27. bxc4 Qb7 28. Kg2 Ra5 29. Qf3 Rd6 30. h3 Rf5 31. Qe4 Qb4 32. Rc2 Ra5 33. Rdd2 Ra8 34. Qe5 Rad8 35. Rd1 f6 36. Qe2 e5 37. d5 Qa5 38. Rcd2 Qb4 39. Qe4 Qc5 40. Rd3 Rc8 41. Rb1 cxd5 42. Rxd5 Rxd5 43. cxd5 Qc2 44. Rb4 a3 45. d6 Qxa2 46. d7 Rd8 47. Qc6 Qf7 48. Ra4 Rxd7 49. Ra8+ Kh7 50. Qc2+ f5 51. Rxa3 Qd5+ 52. Kh2 e4 53. Qe2 Kg6 54. Ra6+ Rd6 55. g4 Rf6 56. gxf5+ Qxf5 57. Ra2 Qe5+ 58. Kg2 Rf3 59. Ra4 Rf4 60. Ra3 Qd5 61. Re3 Kh6 62. Qa6+ Kh5 63. Qc8 Qd2 64. Qh8+ Kg6 65. Qe8+ Kh7 66. Qh5+ Kg8 67. Qe2 Qd5 68. Qh5 Rh4 69. Qg6 Kf8 70. Kf1 Rf4 71. Qh5 Qf5 72. Qe2 g4 73. hxg4 Rxg4 74. Rh3 Qg5 75. Rg3 Rxg3 76. fxg3 Qxg3 77. Qxe4 Qg5 78. Qa8+ Kf7 79. Qb7+ Kg6 80. Qa8 Kh5 81. Qe8+ Kh4 82. Qe4+ Qg4 83. Qh7+ Kg3 84. Ke1 Qe6+ 85. Kd1 Qd6+ 86. Ke2 g5 87. Qh8 Qe6+ 88. Kd3 Qf5+ 89. Kc4 Qe4+ 90. Kb5 g4 91. Qc3+ Kf2 92. Qc5+ Qe3 93. Qf5+ Qf3 94. Qc5+ Kg2 95. Qc2+ Kg1 96. Qc5+ Qf2 97. Qg5 g3 98. Kc6 Qc2+ 99. Kb7 Qe4+ 100. Ka6 g2 101. Qc5+ Kf1 102. Qc1+ Kf2 103. Qc5+ Ke2 104. Qh5+ Kf1 105. Qd1+ Kf2 0-1

[Event "Gibraltar Challengers-B 10th"]
[Site "Caleta"]
[Date "2012.01.29"]
[Round "2"]
[White "Annetts, Ivor S"]
[Black "Vinas Guerrero, Carlos Alberto"]
[Result "0-1"]
[WhiteElo "1895"]
[BlackElo "2160"]
[PlyCount "46"]
[EventDate "2012.01.28"]
[EventType "swiss"]
[EventRounds "5"]
[EventCountry "GGB"]
[SourceTitle "CBM 146 Extra"]
[Source "ChessBase"]
[SourceDate "2012.02.29"]
[SourceVersion "1"]
[SourceVersionDate "2012.02.29"]
[SourceQuality "1"]

1. e4 e5 2. Nf3 Nc6 3. Bb5 Nf6 4. 0-0 Nxe4 5. d4 Be7 6. dxe5 0-0 7. Nbd2 Nc5 8. Re1 a6 9. Bxc6 dxc6 10. h3 Bf5 11. b3 Qd7 12. Bb2 Rad8 13. Rc1 Ne6 14. Kh2 Nf4 15. e6 Bxe6 16. Ne4 Bxh3 17. Qxd7 Bxd7 18. Rh1 f5 19. Ned2 Bd6 20. g3 Ne2 21. Rcd1 Rde8 22. Kg2 f4 23. Kf1 fxg3 0-1

[Event "Gibraltar Masters 10th"]
[Site "Caleta"]
[Date "2012.01.25"]
[Round "2"]
[White "Melia, Salome"]
[Black "Vinas Guerrero, Carlos Alberto"]
[Result "1-0"]
[WhiteElo "2398"]
[BlackElo "2160"]
[PlyCount "69"]
[EventDate "2012.01.24"]
[EventType "swiss"]
[EventRounds "10"]
[EventCountry "GGB"]
[SourceTitle "CBM 147"]
[Source "ChessBase"]
[SourceDate "2012.03.16"]
[SourceVersion "1"]
[SourceVersionDate "2012.03.16"]
[SourceQuality "1"]

1. e4 e5 2. Nf3 Nc6 3. Bb5 Nge7 4. c3 g6 5. d4 exd4 6. cxd4 a6 7. Ba4 Bg7 8. d5 b5 9. Bc2 Na5 10. 0-0 0-0 11. Nc3 d6 12. Nd4 b4 13. Nce2 c5 14. dxc6 Nexc6 15. Nxc6 Nxc6 16. Bb3 a5 17. Bd5 Ra6 18. Rb1 Be6 19. Nf4 Bxd5 20. Nxd5 Qh4 21. Qd3 Raa8 22. f4 Bd4+ 23. Be3 Bxe3+ 24. Qxe3 Ne7 25. Nb6 Rad8 26. Qd4 Qh5 27. f5 Nc6 28. Qe3 Ne5 29. Nd5 Kh8 30. h3 Rc8 31. Rf2 Qh4 32. Rbf1 Rc4 33. fxg6 hxg6 34. Nf6 Rfc8 35. g3 1-0

[Event "Gibraltar Challengers-A 10th"]
[Site "Caleta"]
[Date "2012.01.24"]
[Round "2"]
[White "Vinas Guerrero, Carlos Alberto"]
[Black "Attwood, James"]
[Result "1/2-1/2"]
[WhiteElo "2160"]
[BlackElo "2072"]
[PlyCount "120"]
[EventDate "2012.01.23"]
[EventType "swiss"]
[EventRounds "5"]
[EventCountry "GGB"]
[SourceTitle "CBM 146 Extra"]
[Source "ChessBase"]
[SourceDate "2012.02.29"]
[SourceVersion "1"]
[SourceVersionDate "2012.02.29"]
[SourceQuality "1"]

1. e4 c5 2. Nf3 Nc6 3. d4 cxd4 4. Nxd4 g6 5. c4 Nf6 6. Nc3 d6 7. Be2 Nxd4 8. Qxd4 Bg7 9. Bg5 0-0 10. Qd2 Be6 11. 0-0 Qa5 12. Rac1 Rfc8 13. b3 a6 14. Rfd1 b5 15. Bxf6 exf6 16. Nd5 Qxd2 17. Rxd2 Bh6 18. Ne3 bxc4 19. Bxc4 Bxc4 20. Rxc4 Rxc4 21. bxc4 Bxe3 22. fxe3 Rb8 23. Rxd6 Rb1+ 24. Kf2 Rb2+ 25. Kf3 Rxa2 26. Rxf6 Rc2 27. Rxa6 Rxc4 28. h4 h5 29. g3 Kg7 30. e5 Rb4 31. e6 fxe6 32. Rxe6 Kf7 33. Ra6 Rc4 34. e4 Rc3+ 35. Kf4 Rc5 36. Ra7+ Kf6 37. Ra6+ Kf7 38. Ra7+ Ke6 39. Ra6+ Kf7 40. g4 hxg4 41. Kxg4 Rc1 42. e5 Re1 43. Kf4 Rf1+ 44. Kg4 Rg1+ 45. Kf4 Rf1+ 46. Ke4 Rh1 47. Kd5 Rd1+ 48. Kc5 Rc1+ 49. Kd6 Rd1+ 50. Kc7 Re1 51. Kd6 Rd1+ 52. Kc7 Re1 53. Rf6+ Ke7 54. Rxg6 Rxe5 55. Rh6 Rc5+ 56. Kb6 Rc1 57. h5 Kf7 58. Rh7+ Kf6 59. Kb5 Rh1 60. Rh8 Kg7 1/2-1/2

[Event "Gibraltar Masters 10th"]
[Site "Caleta"]
[Date "2012.01.24"]
[Round "1"]
[White "Vinas Guerrero, Carlos Alberto"]
[Black "Reppen, Ellisiv"]
[Result "1-0"]
[WhiteElo "2160"]
[BlackElo "1948"]
[PlyCount "91"]
[EventDate "2012.01.24"]
[EventType "swiss"]
[EventRounds "10"]
[EventCountry "GGB"]
[SourceTitle "CBM 147"]
[Source "ChessBase"]
[SourceDate "2012.03.16"]
[SourceVersion "1"]
[SourceVersionDate "2012.03.16"]
[SourceQuality "1"]

1. e4 e5 2. Nf3 Nc6 3. Bb5 a6 4. Ba4 Nf6 5. d4 exd4 6. e5 Ne4 7. 0-0 Be7 8. Nxd4 Nxd4 9. Qxd4 Nc5 10. Nc3 Nxa4 11. Qxa4 0-0 12. Bf4 b5 13. Qe4 Rb8 14. Rad1 Bb7 15. Qf5 Bc6 16. Rfe1 Qc8 17. Qh5 f6 18. Nd5 Bxd5 19. Rxd5 fxe5 20. Bxe5 Bf6 21. Bxf6 Rxf6 22. Rde5 g6 23. Qh4 Qf8 24. Re7 Rf7 25. h3 h5 26. Qg5 Rxe7 27. Rxe7 Rb6 28. Qd5+ Kh8 29. Qxd7 Rd6 30. Qe8 Rd1+ 31. Kh2 Rd8 32. Qxf8+ Rxf8 33. Kg3 h4+ 34. Kxh4 Rxf2 35. g4 Rxc2 36. Kg5 Rc6 37. Kh6 Kg8 38. Rg7+ Kf8 39. Rxg6 Rc2 40. h4 c5 41. Rxa6 Rxb2 42. g5 c4 43. g6 Rg2 44. Ra8+ Ke7 45. g7 Kf7 46. Rf8+ 1-0

[Event "Malaga op 14th"]
[Site "Malaga"]
[Date "2011.04.30"]
[Round "2"]
[White "Vinas Guerrero, Carlos Alberto"]
[Black "Garrido Dominguez, Jesus"]
[Result "1/2-1/2"]
[WhiteElo "2132"]
[BlackElo "2417"]
[PlyCount "83"]
[EventDate "2011.04.29"]
[EventType "swiss"]
[EventRounds "7"]
[EventCountry "ESP"]
[SourceTitle "CBM 142 Extra"]
[Source "ChessBase"]
[SourceDate "2011.06.27"]
[SourceVersion "1"]
[SourceVersionDate "2011.06.27"]
[SourceQuality "1"]

1. e4 e5 2. Nf3 Nc6 3. Bb5 Nf6 4. d3 d6 5. 0-0 Be7 6. c3 0-0 7. Re1 a6 8. Bxc6 bxc6 9. d4 Nd7 10. dxe5 dxe5 11. Nbd2 f6 12. Nc4 a5 13. Be3 a4 14. b4 Qe8 15. a3 Kh8 16. Na5 Nb6 17. Nd2 Be6 18. Qe2 c5 19. Nb7 Nd7 20. Qb5 Qc8 21. Nxc5 Nxc5 22. bxc5 c6 23. Qe2 Rb8 24. Rab1 Qc7 25. Nc4 Rb3 26. Rxb3 axb3 27. Nb6 Qa7 28. a4 Qa5 29. h3 Bxc5 30. Nc4 Qxc3 31. Bxc5 Bxc4 32. Qd1 Ra8 33. Re3 Qc2 34. Qxc2 bxc2 35. Rc3 Rxa4 36. Rxc2 Kg8 37. Rd2 Ra1+ 38. Kh2 Bb5 39. Rd8+ Kf7 40. Rd7+ Kg8 41. Rd8+ Kf7 42. Rd7+ 1/2-1/2

[Event "Gibraltar Masters 9th"]
[Site "Caleta"]
[Date "2011.01.31"]
[Round "7"]
[White "Vinas Guerrero, Carlos Alberto"]
[Black "Lee, Kai Jie Edward"]
[Result "1/2-1/2"]
[WhiteElo "2121"]
[BlackElo "1833"]
[PlyCount "110"]
[EventDate "2011.01.25"]
[EventType "swiss"]
[EventRounds "10"]
[EventCountry "GGB"]
[SourceTitle "CBM 141"]
[Source "ChessBase"]
[SourceDate "2011.03.17"]
[SourceVersion "1"]
[SourceVersionDate "2011.03.17"]
[SourceQuality "1"]

1. e4 e5 2. Nf3 Nf6 3. Nxe5 d6 4. Nf3 Nxe4 5. Nc3 Nxc3 6. dxc3 Be7 7. Bf4 Nc6 8. Qd2 h6 9. 0-0-0 Be6 10. h4 Qd7 11. Qe3 a6 12. c4 0-0-0 13. Be2 Rhe8 14. Rhe1 Bg4 15. Qa3 Bxf3 16. Qxf3 Bxh4 17. Qh5 Bxf2 18. Bg4 Bxe1 19. Bxd7+ Rxd7 20. c5 Re6 21. cxd6 cxd6 22. Qg4 g5 23. Bxd6 Bf2 24. c3 Be3+ 25. Kc2 Nd4+ 26. cxd4 Rexd6 27. d5 Kd8 28. Qe4 Bf4 29. g4 Re7 30. Qd3 Re3 31. Qc4 b5 32. Qf1 Rg3 33. Kb1 Rxg4 34. Re1 Rg3 35. Rd1 Re3 36. Qh1 f5 37. Qh5 Re7 38. Rd3 Be5 39. Rd2 Rf6 40. Rc2 g4 41. Rc6 Rxc6 42. dxc6 Kc7 43. Qxf5 g3 44. Qf8 Rg7 45. Qc5 Rg5 46. Qa7+ Kxc6 47. Qxa6+ Kd5 48. Qxb5+ Ke4 49. Qe2+ Kf5 50. Qf3+ Kg6 51. Qe4+ Kh5 52. Qf3+ Kh4 53. Qe4+ Kh3 54. Qh1+ Kg4 55. a4 Kf5 1/2-1/2

[Event "Gibraltar Masters 9th"]
[Site "Caleta"]
[Date "2011.01.30"]
[Round "6"]
[White "Getz, Nicolai"]
[Black "Vinas Guerrero, Carlos Alberto"]
[Result "1-0"]
[WhiteElo "2334"]
[BlackElo "2121"]
[PlyCount "95"]
[EventDate "2011.01.25"]
[EventType "swiss"]
[EventRounds "10"]
[EventCountry "GGB"]
[SourceTitle "CBM 141"]
[Source "ChessBase"]
[SourceDate "2011.03.17"]
[SourceVersion "1"]
[SourceVersionDate "2011.03.17"]
[SourceQuality "1"]

1. e4 e5 2. Nf3 Nc6 3. Bb5 f5 4. Nc3 fxe4 5. Nxe4 Nf6 6. Qe2 d5 7. Nxf6+ gxf6 8. d4 Bg7 9. dxe5 0-0 10. e6 Re8 11. 0-0 Bxe6 12. Bxc6 bxc6 13. Nd4 Bf7 14. Qf3 Qd7 15. c3 c5 16. Nf5 Bg6 17. Nxg7 Kxg7 18. Be3 c4 19. Rfd1 c6 20. b3 Bd3 21. bxc4 dxc4 22. Rab1 Re7 23. Rb4 Qd5 24. Qxd5 cxd5 25. Rd2 Rd8 26. h3 Rdd7 27. Bd4 Re1+ 28. Kh2 Re4 29. Be3 Rde7 30. Rb5 Rd7 31. Ra5 Ree7 32. Bd4 Kf7 33. Rb2 Rb7 34. Rxb7 Rxb7 35. Rxd5 Ke6 36. Ra5 f5 37. Kg3 Rd7 38. Rxa7 Rxa7 39. Bxa7 Bc2 40. Kf4 Kf6 41. Bd4+ Ke6 42. f3 Kf7 43. Ke5 Kg6 44. Be3 h6 45. Bd2 h5 46. h4 Kf7 47. Bg5 Kg6 48. Kd4 1-0